[Event "Labor Day Super Swiss"]
[Site "San Jose USA"]
[Date "2024.08.30"]
[Round "1.7"]
[White "Piasetski, Leon"]
[Black "Cordova, Emilio"]
[Result "0-1"]
[WhiteElo "2167"]
[BlackElo "2519"]
[PlyCount "84"]
[GameId "2130307537657674"]
[EventDate "2024.08.30"]
[EventType "swiss"]
[EventRounds "9"]
[EventCountry "USA"]
[SourceTitle "10 Days #770"]
[Source "ChessMix "]
[SourceDate "2024.09.10"]
[SourceVersion "1"]
[SourceVersionDate "2024.09.10"]
[SourceQuality "1"]

1. c4 e5 2. g3 d6 3. Bg2 f5 4. d4 Be7 5. Nc3 Nf6 6. dxe5 dxe5 7. Qxd8+ Bxd8 8. e4 Na6 9. Nf3 Nxe4 10. Nxe4 fxe4 11. Nd2 e3 12. fxe3 Nb4 13. Be4 a5 14. a3 Nc6 15. b3 Bh3 16. Bb2 O-O 17. Ke2 Ra6 18. Bc3 Bf6 19. Kd3 Raa8 20. b4 Rad8+ 21. Kc2 Bg5 22. b5 Ne7 23. Nf3 Bxe3 24. Nxe5 Bf5 25. Bxf5 Nxf5 26. Rad1 Bd4 27. Bxd4 Nxd4+ 28. Kc3 Ne2+ 29. Kc2 Rde8 30. Nd3 Re4 31. Kd2 b6 32. Rhe1 Rfe8 33. c5 g5 34. cxb6 cxb6 35. Ra1 h5 36. Rab1 Kg7 37. Rb2 Kg6 38. Rc2 Nd4 39. Rxe4 Rxe4 40. Rc7 Re2+ 41. Kd1 Rxh2 42. Rb7 Kf5 0-1

[Event "Labor Day Super Swiss"]
[Site "San Jose USA"]
[Date "2024.08.31"]
[Round "2.21"]
[White "Garduno Huerta, Joshua Emiliano"]
[Black "Piasetski, Leon"]
[Result "1/2-1/2"]
[WhiteElo "2056"]
[BlackElo "2167"]
[PlyCount "72"]
[GameId "2130307537657709"]
[EventDate "2024.08.30"]
[EventType "swiss"]
[EventRounds "9"]
[EventCountry "USA"]
[SourceTitle "10 Days #770"]
[Source "ChessMix "]
[SourceDate "2024.09.10"]
[SourceVersion "1"]
[SourceVersionDate "2024.09.10"]
[SourceQuality "1"]

1. d4 Nf6 2. c4 e6 3. Nf3 Bb4+ 4. Bd2 Qe7 5. g3 Bxd2+ 6. Nbxd2 d6 7. Bg2 e5 8. e4 Bg4 9. Qc2 O-O 10. O-O Bxf3 11. Nxf3 c5 12. d5 Nbd7 13. Nd2 Nh5 14. Bf3 Qg5 15. Qd1 Nhf6 16. Bg2 h5 17. f4 Qh6 18. Qf3 h4 19. Rf2 Qh5 20. Re1 Qxf3 21. Rxf3 hxg3 22. hxg3 Ng4 23. Bh3 Ndf6 24. Nf1 Rfe8 25. Bxg4 Nxg4 26. Ne3 Nxe3 27. Rfxe3 g6 28. Kf2 Kg7 29. Kf3 Re7 30. Rh1 Rae8 31. Rh2 exf4 32. gxf4 f5 33. Rhe2 Kf6 34. exf5 Rxe3+ 35. Rxe3 Rxe3+ 36. Kxe3 gxf5 1/2-1/2

[Event "Labor Day Super Swiss"]
[Site "San Jose USA"]
[Date "2024.09.01"]
[Round "5.16"]
[White "Piasetski, Leon"]
[Black "Tang, Dylan"]
[Result "1/2-1/2"]
[WhiteElo "2167"]
[BlackElo "2092"]
[PlyCount "35"]
[GameId "2130307537661866"]
[EventDate "2024.08.30"]
[EventType "swiss"]
[EventRounds "9"]
[EventCountry "USA"]
[SourceTitle "10 Days #770"]
[Source "ChessMix "]
[SourceDate "2024.09.10"]
[SourceVersion "1"]
[SourceVersionDate "2024.09.10"]
[SourceQuality "1"]

1. c4 e6 2. Nf3 Nf6 3. b3 d5 4. Bb2 Be7 5. e3 O-O 6. d4 b6 7. Bd3 Bb7 8. O-O c5 9. Nbd2 Nc6 10. Rc1 cxd4 11. exd4 Rc8 12. Qe2 Bd6 13. Ne5 Qe7 14. Rcd1 Rfd8 15. Ndf3 Rc7 16. Ng5 Qe8 17. f4 g6 18. Qf2 1/2-1/2

[Event "Labor Day Super Swiss"]
[Site "San Jose USA"]
[Date "2024.09.03"]
[Round "7.16"]
[White "Piasetski, Leon"]
[Black "Biyiasas, Theodore A"]
[Result "1-0"]
[WhiteElo "2167"]
[BlackElo "1973"]
[PlyCount "67"]
[GameId "2130307537661904"]
[EventDate "2024.08.30"]
[EventType "swiss"]
[EventRounds "9"]
[EventCountry "USA"]
[SourceTitle "10 Days #770"]
[Source "ChessMix "]
[SourceDate "2024.09.10"]
[SourceVersion "1"]
[SourceVersionDate "2024.09.10"]
[SourceQuality "1"]

1. c4 c6 2. Nf3 d5 3. e3 Nf6 4. Nc3 a6 5. Qc2 Bg4 6. Ne5 Bh5 7. cxd5 Nxd5 8. Qb3 Qb6 9. Nxd5 Qxb3 10. axb3 cxd5 11. Bb5+ Kd8 12. d4 f6 13. Nd3 e6 14. Bd2 Nc6 15. Bxc6 bxc6 16. Bb4 Bg6 17. Bxf8 Rxf8 18. Nc5 Ke7 19. Kd2 Rfb8 20. Ra4 a5 21. Rha1 Rb5 22. Kc1 e5 23. b4 exd4 24. exd4 Re8 25. bxa5 Kd6 26. b3 Rbb8 27. Kd2 Re7 28. Re1 Rxe1 29. Kxe1 Bc2 30. a6 Bf5 31. Rb4 Kc7 32. a7 Ra8 33. Rb7+ Kd6 34. Rxg7 1-0

[Event "Labor Day Super Swiss"]
[Site "San Jose USA"]
[Date "2024.09.03"]
[Round "8.10"]
[White "Wu, Derek"]
[Black "Piasetski, Leon"]
[Result "0-1"]
[WhiteElo "2278"]
[BlackElo "2167"]
[PlyCount "68"]
[GameId "2130307537661918"]
[EventDate "2024.08.30"]
[EventType "swiss"]
[EventRounds "9"]
[EventCountry "USA"]
[SourceTitle "10 Days #770"]
[Source "ChessMix "]
[SourceDate "2024.09.10"]
[SourceVersion "1"]
[SourceVersionDate "2024.09.10"]
[SourceQuality "1"]

1. e4 e6 2. d4 d5 3. e5 c5 4. c3 Nc6 5. Nf3 Bd7 6. Be2 f6 7. O-O fxe5 8. Nxe5 Nxe5 9. dxe5 Qc7 10. Re1 O-O-O 11. Bf4 Ne7 12. Bf1 Ng6 13. Bg3 Be7 14. a4 h5 15. h3 Nh4 16. c4 d4 17. Nd2 Bc6 18. Ne4 Bxe4 19. Bxh4 Bxh4 20. Rxe4 Be7 21. Bd3 Rdf8 22. a5 a6 23. Re2 g5 24. Be4 g4 25. Ra3 Rf4 26. Rb3 Rxe4 27. Rxe4 Bd8 28. hxg4 Qh7 29. Qd3 hxg4 30. Kf1 Qh1+ 31. Ke2 Qxg2 32. Rf4 Rh1 33. Kd2 Bg5 34. Qg3 Qe4 0-1

[Event "Labor Day Super Swiss"]
[Site "San Jose USA"]
[Date "2024.09.04"]
[Round "9.9"]
[White "Piasetski, Leon"]
[Black "Zuluaga Mancilla, Cesar"]
[Result "1/2-1/2"]
[WhiteElo "2167"]
[BlackElo "2166"]
[PlyCount "113"]
[GameId "2130307537666026"]
[EventDate "2024.08.30"]
[EventType "swiss"]
[EventRounds "9"]
[EventCountry "USA"]
[SourceTitle "10 Days #770"]
[Source "ChessMix "]
[SourceDate "2024.09.10"]
[SourceVersion "1"]
[SourceVersionDate "2024.09.10"]
[SourceQuality "1"]

1. Nf3 d5 2. d4 c6 3. c3 Bf5 4. Bf4 e6 5. e3 Qb6 6. Qb3 Nf6 7. h3 Nbd7 8. Nbd2 Be7 9. Be2 O-O 10. O-O c5 11. c4 Rfc8 12. Rfc1 Bg6 13. dxc5 Bxc5 14. Qxb6 Bxb6 15. a3 dxc4 16. Bxc4 h6 17. b4 Bd8 18. Ne5 Nxe5 19. Bxe5 Nd7 20. Bd4 Be7 21. Bb5 Nb6 22. Nb3 Nd5 23. Na5 b6 24. Nc6 Bd6 25. Ne5 Bxe5 26. Bxe5 Rxc1+ 27. Rxc1 f6 28. Bb2 Be8 29. Ba6 Rd8 30. Kf1 Kf8 31. Ke2 Bg6 32. f3 Ke7 33. g3 Kd6 34. e4 Nc7 35. e5+ Kd7 36. Rd1+ Ke8 37. Rxd8+ Kxd8 38. Bc4 f5 39. g4 fxg4 40. hxg4 Be8 41. Ke3 Bb5 42. Bb3 g5 43. f4 gxf4+ 44. Kxf4 Ke7 45. a4 Bc6 46. b5 Bd5 47. Bc2 Bc4 48. Ba3+ Kf7 49. Bd6 Nd5+ 50. Kg3 Ne3 51. Be4 Bb3 52. Bb8 Bxa4 53. Bxa7 Nc4 54. Kf4 Bxb5 55. Bd3 Na3 56. Be4 Nc4 57. Bd3 1/2-1/2

[Event "1000GM Memorial Day"]
[Site "San Francisco USA"]
[Date "2024.05.23"]
[Round "1.11"]
[White "Haldorsen, Benjamin"]
[Black "Piasetski, Leon"]
[Result "1-0"]
[WhiteElo "2419"]
[BlackElo "2164"]
[PlyCount "117"]
[GameId "2130307543931428"]
[EventDate "2024.05.23"]
[EventType "swiss"]
[EventRounds "9"]
[EventCountry "USA"]
[SourceTitle "10 Days #761"]
[Source "ChessMix"]
[SourceDate "2024.06.10"]
[SourceVersion "1"]
[SourceVersionDate "2024.06.10"]
[SourceQuality "1"]

1. e4 e6 2. d4 d5 3. Nc3 dxe4 4. Nxe4 Nd7 5. Nf3 Ngf6 6. Nxf6+ Nxf6 7. Be3 Be7 8. Bd3 O-O 9. Ne5 c5 10. c3 Qc7 11. Qe2 cxd4 12. Bxd4 Bc5 13. Bxc5 Qxc5 14. O-O-O b6 15. g4 Nd5 16. g5 g6 17. Rhe1 Qe7 18. h4 Bb7 19. Be4 f5 20. Nxg6 hxg6 21. Bxd5 Bxd5 22. Rxd5 Rae8 23. Re5 Kf7 24. Qc4 Rh8 25. a4 Qd6 26. a5 Re7 27. f3 bxa5 28. Qf4 Qb6 29. R5e2 Qc5 30. Rd1 e5 31. Qa4 f4 32. Qb3+ Kg7 33. Qd5 Rc8 34. Qe4 Qb6 35. Rd5 Rc5 36. Red2 Rxd5 37. Rxd5 Qg1+ 38. Rd1 Qc5 39. Kb1 a4 40. Qxa4 e4 41. fxe4 f3 42. Qa6 Qe5 43. Qf6+ Qxf6 44. gxf6+ Kxf6 45. Rf1 Rxe4 46. Rxf3+ Ke6 47. Rh3 Re5 48. Rg3 Kf6 49. Rg4 Re2 50. Ka2 Re6 51. b4 Ke7 52. Kb3 Kd6 53. c4 Kc6 54. Ka4 a6 55. Ka5 Kb7 56. Rf4 Re5+ 57. c5 Re6 58. Rf7+ Kb8 59. Rd7 1-0

[Event "1000GM Memorial Day"]
[Site "San Francisco USA"]
[Date "2024.05.24"]
[Round "2.26"]
[White "Piasetski, Leon"]
[Black "Talwalkar, Vedant"]
[Result "1/2-1/2"]
[WhiteElo "2164"]
[BlackElo "2016"]
[PlyCount "49"]
[GameId "2130307543931462"]
[EventDate "2024.05.23"]
[EventType "swiss"]
[EventRounds "9"]
[EventCountry "USA"]
[SourceTitle "10 Days #761"]
[Source "ChessMix"]
[SourceDate "2024.06.10"]
[SourceVersion "1"]
[SourceVersionDate "2024.06.10"]
[SourceQuality "1"]

1. Nf3 d5 2. g3 c5 3. Bg2 Nf6 4. O-O e6 5. c4 dxc4 6. Na3 Nc6 7. Nxc4 Be7 8. b3 O-O 9. Bb2 b5 10. Nfe5 Nxe5 11. Nxe5 Nd5 12. a4 bxa4 13. Nc6 Qc7 14. Nxe7+ Qxe7 15. Rxa4 Bd7 16. Ra5 Rfb8 17. Qa1 f6 18. Ba3 Rb5 19. Rxb5 Bxb5 20. Rc1 Rc8 21. d3 Rc7 22. d4 Qd7 23. Rxc5 Bxe2 24. Qc1 h6 25. Be4 1/2-1/2

[Event "1000GM Memorial Day"]
[Site "San Francisco USA"]
[Date "2024.05.24"]
[Round "3.24"]
[White "Ganesan, Vikrant"]
[Black "Piasetski, Leon"]
[Result "1/2-1/2"]
[WhiteElo "1981"]
[BlackElo "2164"]
[PlyCount "91"]
[GameId "2130307543935584"]
[EventDate "2024.05.23"]
[EventType "swiss"]
[EventRounds "9"]
[EventCountry "USA"]
[SourceTitle "10 Days #761"]
[Source "ChessMix"]
[SourceDate "2024.06.10"]
[SourceVersion "1"]
[SourceVersionDate "2024.06.10"]
[SourceQuality "1"]

1. c4 c5 2. Nc3 g6 3. g3 Bg7 4. Bg2 Nc6 5. e4 Nd4 6. Nge2 Nxe2 7. Nxe2 d6 8. O-O Nf6 9. d4 cxd4 10. Nxd4 O-O 11. b3 Bd7 12. Bb2 Qa5 13. Qd3 Qh5 14. Nf3 a6 15. Rfe1 Rad8 16. Qe2 Bg4 17. Rad1 b5 18. Bxf6 Bxf6 19. Rd5 g5 20. cxb5 axb5 21. Qe3 h6 22. Rxb5 Rc8 23. e5 Bg7 24. exd6 exd6 25. Nd4 Bd7 26. Rd5 Rfe8 27. Qd2 Be5 28. Nf3 Bc3 29. Rxe8+ Bxe8 30. Qd3 Bb4 31. h4 Rc1+ 32. Kh2 Bc6 33. Nxg5 Qg6 34. Be4 Bxd5 35. Qxd5 Qf6 36. Nf3 Ra1 37. Qa8+ Kg7 38. Kg2 Bc5 39. h5 Qb2 40. Nh4 Qxf2+ 41. Kh3 Qf1+ 42. Kg4 Qd1+ 43. Bf3 Qd4+ 44. Be4 Qd1+ 45. Bf3 Qd4+ 46. Be4 1/2-1/2

[Event "1000GM Memorial Day"]
[Site "San Francisco USA"]
[Date "2024.05.25"]
[Round "5.23"]
[White "Piasetski, Leon"]
[Black "Xia, Joshua"]
[Result "1-0"]
[WhiteElo "2164"]
[BlackElo "2034"]
[PlyCount "103"]
[GameId "2130307543935637"]
[EventDate "2024.05.23"]
[EventType "swiss"]
[EventRounds "9"]
[EventCountry "USA"]
[SourceTitle "10 Days #761"]
[Source "ChessMix"]
[SourceDate "2024.06.10"]
[SourceVersion "1"]
[SourceVersionDate "2024.06.10"]
[SourceQuality "1"]

1. Nf3 Nf6 2. c4 g6 3. g3 Bg7 4. Bg2 c6 5. O-O O-O 6. d4 d5 7. cxd5 cxd5 8. Nc3 Ne4 9. Ne5 Nxc3 10. bxc3 Nc6 11. f4 Nxe5 12. fxe5 b6 13. Qb3 Bb7 14. a4 Qc7 15. Ba3 Rfd8 16. e4 e6 17. Bd6 Rxd6 18. exd6 Qxd6 19. exd5 Bxd5 20. Bxd5 exd5 21. a5 Re8 22. axb6 axb6 23. Ra7 f5 24. Qb5 Qe6 25. Qd7 Qxd7 26. Rxd7 Re3 27. Ra1 Re8 28. Raa7 Bf8 29. Rxd5 Rc8 30. Kf2 Rxc3 31. Rd8 Rc6 32. d5 Rd6 33. Raa8 Rxd8 34. Rxd8 Kf7 35. d6 b5 36. Ke2 b4 37. d7 Be7 38. Rc8 b3 39. d8=Q Bxd8 40. Rxd8 b2 41. Rb8 Kf6 42. Rxb2 Kg5 43. Kf3 Kh5 44. Rb7 h6 45. Kf4 g5+ 46. Kxf5 g4 47. Kf4 Kg6 48. Kxg4 h5+ 49. Kf4 Kh6 50. Kf5 h4 51. gxh4 Kh5 52. Rh7# 1-0

[Event "1000GM Memorial Day"]
[Site "San Francisco USA"]
[Date "2024.05.26"]
[Round "7.12"]
[White "Jiang, Lucas"]
[Black "Piasetski, Leon"]
[Result "1/2-1/2"]
[WhiteElo "2318"]
[BlackElo "2164"]
[PlyCount "46"]
[GameId "2130307543939775"]
[EventDate "2024.05.23"]
[EventType "swiss"]
[EventRounds "9"]
[EventCountry "USA"]
[SourceTitle "10 Days #761"]
[Source "ChessMix"]
[SourceDate "2024.06.10"]
[SourceVersion "1"]
[SourceVersionDate "2024.06.10"]
[SourceQuality "1"]

1. e4 e6 2. d4 d5 3. Nd2 dxe4 4. Nxe4 Nd7 5. Nf3 Ngf6 6. Nxf6+ Nxf6 7. Bd3 Be7 8. Be3 Nd5 9. Qd2 c5 10. O-O-O Qc7 11. Qe2 a6 12. Kb1 b6 13. c4 Nxe3 14. fxe3 Bb7 15. Rhf1 Bf6 16. g4 g6 17. h4 O-O-O 18. g5 Bg7 19. h5 gxh5 20. Bc2 Kb8 21. Rd2 Qg3 22. Qd1 cxd4 23. Nxd4 Qc7 1/2-1/2

[Event "Sardinia World op-A"]
[Site "Orosei ITA"]
[Date "2024.04.28"]
[Round "2.39"]
[White "Piasetski, Leon"]
[Black "Levin, Guy"]
[Result "0-1"]
[WhiteElo "2159"]
[BlackElo "2451"]
[PlyCount "88"]
[GameId "2130307544814262"]
[EventDate "2024.04.27"]
[EventType "swiss"]
[EventRounds "9"]
[EventCountry "ITA"]
[SourceTitle "10 Days #758"]
[Source "ChessMix "]
[SourceDate "2024.05.10"]
[SourceVersion "1"]
[SourceVersionDate "2024.05.10"]
[SourceQuality "1"]

1. Nf3 d5 2. e3 Nf6 3. c4 dxc4 4. Bxc4 e6 5. d4 a6 6. Qe2 c5 7. dxc5 Bxc5 8. a3 b5 9. Ba2 Bb7 10. b4 Bd6 11. Bb2 Nbd7 12. Nbd2 Rc8 13. O-O O-O 14. Rac1 Qe7 15. e4 Bb8 16. g3 Nb6 17. Bb3 Rfd8 18. Bd4 Nbd7 19. h3 h6 20. Qe3 Ne8 21. Bb2 Nd6 22. Rxc8 Rxc8 23. Rc1 Rxc1+ 24. Bxc1 Qd8 25. Bb2 Ne8 26. Bc2 Bc7 27. Nb3 Qc8 28. Bd3 Qb8 29. Kg2 Nef6 30. Bd4 Qa8 31. Nbd2 Bc6 32. Qe2 Ne8 33. e5 Bd5 34. Be4 Bb8 35. Bxd5 Qxd5 36. Qe4 Nc7 37. Kf1 Qxe4 38. Nxe4 Nd5 39. Ke2 Ne7 40. Nc5 Nxc5 41. bxc5 Kf8 42. Kd3 Nc6 43. Ke4 Ke7 44. Nd2 Bxe5 0-1

[Event "Ponte de Lima op"]
[Site "Ponte de Lima POR"]
[Date "2024.04.10"]
[Round "2.8"]
[White "Shyam, Nikil P"]
[Black "Piasetski, Leon"]
[Result "1-0"]
[WhiteElo "2390"]
[BlackElo "2159"]
[PlyCount "85"]
[GameId "2130307545518380"]
[EventDate "2024.04.09"]
[EventType "swiss"]
[EventRounds "9"]
[EventCountry "POR"]
[SourceTitle "10 Days #756"]
[Source "ChessMix "]
[SourceDate "2024.04.20"]
[SourceVersion "1"]
[SourceVersionDate "2024.04.20"]
[SourceQuality "1"]

1. e4 d6 2. Nc3 Nf6 3. d4 c6 4. f4 Qa5 5. Bd3 e5 6. Nf3 Nbd7 7. O-O Be7 8. Kh1 O-O 9. Qe1 Re8 10. a3 Bf8 11. b4 Qc7 12. Qh4 exd4 13. Nxd4 c5 14. Ndb5 Qd8 15. Bb2 a6 16. Nxd6 Bxd6 17. e5 c4 18. Bxc4 b5 19. Bd3 Bb7 20. exd6 Nf8 21. Rad1 Ng6 22. Qg5 h6 23. Qg3 Nh5 24. Qg4 Qh4 25. Qxh4 Nxh4 26. Rd2 Rad8 27. Kg1 Re6 28. Be2 Nf6 29. f5 Rexd6 30. Rxd6 Rxd6 31. g3 Ng2 32. Rd1 Rxd1+ 33. Nxd1 Ne1 34. Bxf6 gxf6 35. Ne3 Nf3+ 36. Bxf3 Bxf3 37. Kf2 Be4 38. Ke2 Kf8 39. Kd2 Ke7 40. Kc3 Kd6 41. Kd4 Bf3 42. h3 h5 43. h4 1-0

[Event "Ponte de Lima op"]
[Site "Ponte de Lima POR"]
[Date "2024.04.11"]
[Round "4.8"]
[White "Goncalves, Samuel Jesus P"]
[Black "Piasetski, Leon"]
[Result "1-0"]
[WhiteElo "2190"]
[BlackElo "2159"]
[PlyCount "51"]
[GameId "2130307545518400"]
[EventDate "2024.04.09"]
[EventType "swiss"]
[EventRounds "9"]
[EventCountry "POR"]
[SourceTitle "10 Days #756"]
[Source "ChessMix "]
[SourceDate "2024.04.20"]
[SourceVersion "1"]
[SourceVersionDate "2024.04.20"]
[SourceQuality "1"]

1. e4 c5 2. Nf3 Nc6 3. c3 Nf6 4. e5 Nd5 5. Bc4 Nb6 6. Bb3 d6 7. exd6 Qxd6 8. O-O Be6 9. Bxe6 Qxe6 10. a4 a6 11. a5 Nc4 12. Re1 Qd5 13. d4 N4xa5 14. c4 Nxc4 15. Nc3 Qd7 16. b3 cxd4 17. Na4 b5 18. Nc5 Qd5 19. Nxa6 Rc8 20. bxc4 bxc4 21. Bf4 f6 22. Nc7+ Rxc7 23. Bxc7 Kf7 24. Ra6 e5 25. Qa4 Nb4 26. Nxe5+ 1-0

[Event "Ponte de Lima op"]
[Site "Ponte de Lima POR"]
[Date "2024.04.13"]
[Round "7.7"]
[White "Audi, Ameya"]
[Black "Piasetski, Leon"]
[Result "1/2-1/2"]
[WhiteElo "2387"]
[BlackElo "2159"]
[PlyCount "128"]
[GameId "2130307545518429"]
[EventDate "2024.04.09"]
[EventType "swiss"]
[EventRounds "9"]
[EventCountry "POR"]
[SourceTitle "10 Days #756"]
[Source "ChessMix "]
[SourceDate "2024.04.20"]
[SourceVersion "1"]
[SourceVersionDate "2024.04.20"]
[SourceQuality "1"]

1. e4 d6 2. d4 Nf6 3. Nc3 g6 4. Be3 c6 5. Qd2 b5 6. Bd3 Nbd7 7. Nf3 Bg7 8. Bh6 O-O 9. Bxg7 Kxg7 10. e5 dxe5 11. dxe5 Ng4 12. Qf4 Ndxe5 13. Nxe5 Qd6 14. Nxg6 fxg6 15. Qxd6 exd6 16. f3 Ne5 17. Ne4 Bf5 18. O-O-O Bxe4 19. Bxe4 d5 20. Bd3 Rae8 21. b4 Rf4 22. c3 a5 23. a3 axb4 24. axb4 Ra8 25. Rhe1 Nxd3+ 26. Rxd3 Ra1+ 27. Kd2 Ra2+ 28. Ke3 Rc4 29. Re2 Ra3 30. Rc2 Kf6 31. Kd2 Ke5 32. Re3+ Kd6 33. Re8 Rh4 34. h3 Kd7 35. Re3 Rc4 36. g3 g5 37. Re5 h6 38. Rf5 Ke6 39. Rf8 Ke7 40. Rh8 d4 41. cxd4 Rxc2+ 42. Kxc2 Rxf3 43. Rxh6 Rxg3 44. Rxc6 Rxh3 45. Rc5 Rg3 46. Rxb5 Kd6 47. Rc5 Rg2+ 48. Kc3 g4 49. Rg5 Kc6 50. d5+ Kb6 51. Rg6+ Kb5 52. Rg8 Rg1 53. Kd2 g3 54. Ke2 g2 55. Rg4 Kb6 56. Rg6+ Kb5 57. d6 Kc6 58. b5+ Kd7 59. b6 Rb1 60. Rxg2 Rb2+ 61. Kf3 Rxg2 62. Kxg2 Kxd6 63. b7 Kc7 64. b8=N Kxb8 1/2-1/2

[Event "Marcel Duchamp Cup"]
[Site "Montevideo URU"]
[Date "2024.02.01"]
[Round "1.21"]
[White "Piasetski, Leon"]
[Black "Rey, Fernando"]
[Result "1-0"]
[WhiteElo "2151"]
[BlackElo "1646"]
[PlyCount "43"]
[GameId "2130307547977859"]
[EventDate "2024.02.01"]
[EventType "swiss"]
[EventRounds "9"]
[EventCountry "URU"]
[SourceTitle "10 Days #749"]
[Source "ChessMix"]
[SourceDate "2024.02.10"]
[SourceVersion "1"]
[SourceVersionDate "2024.02.10"]
[SourceQuality "1"]

1. Nf3 Nf6 2. c4 g6 3. Nc3 Bg7 4. e4 d6 5. d4 O-O 6. h3 Nbd7 7. Be3 e5 8. d5 Re8 9. Nd2 a5 10. Be2 Kh8 11. g4 Ng8 12. h4 h6 13. g5 Nf8 14. h5 Kh7 15. Bg4 Bxg4 16. Qxg4 Qc8 17. Qf3 Qd7 18. O-O-O Qe7 19. Rdg1 Rad8 20. Qg2 Rd7 21. Nf3 c6 22. Nh4 1-0

[Event "Marcel Duchamp Cup"]
[Site "Montevideo URU"]
[Date "2024.02.02"]
[Round "2.19"]
[White "Pena Canapa, Alfredo"]
[Black "Piasetski, Leon"]
[Result "1/2-1/2"]
[WhiteElo "1795"]
[BlackElo "2151"]
[PlyCount "45"]
[GameId "2130307547977918"]
[EventDate "2024.02.01"]
[EventType "swiss"]
[EventRounds "9"]
[EventCountry "URU"]
[SourceTitle "10 Days #749"]
[Source "ChessMix"]
[SourceDate "2024.02.10"]
[SourceVersion "1"]
[SourceVersionDate "2024.02.10"]
[SourceQuality "1"]

1. e4 c5 2. Nf3 e6 3. g3 Nc6 4. Bg2 d5 5. exd5 exd5 6. d4 Bg4 7. O-O Nxd4 8. Qe1+ Qe7 9. Nxd4 cxd4 10. Qd2 Nf6 11. Qxd4 Qb4 12. Be3 Be6 13. a3 Qxd4 14. Bxd4 Ne4 15. c4 f5 16. cxd5 Bxd5 17. Nc3 Nxc3 18. Bxc3 Bxg2 19. Kxg2 Rd8 20. Rad1 Rxd1 21. Rxd1 Rg8 22. Rd5 g6 23. Kf3 1/2-1/2

[Event "Marcel Duchamp Cup"]
[Site "Montevideo URU"]
[Date "2024.02.03"]
[Round "3.15"]
[White "Piasetski, Leon"]
[Black "Araque, Jairo"]
[Result "1/2-1/2"]
[WhiteElo "2151"]
[BlackElo "1925"]
[PlyCount "114"]
[GameId "2130307547982070"]
[EventDate "2024.02.01"]
[EventType "swiss"]
[EventRounds "9"]
[EventCountry "URU"]
[SourceTitle "10 Days #749"]
[Source "ChessMix"]
[SourceDate "2024.02.10"]
[SourceVersion "1"]
[SourceVersionDate "2024.02.10"]
[SourceQuality "1"]

1. Nf3 Nf6 2. c4 g6 3. Nc3 Bg7 4. e4 d6 5. d4 O-O 6. h3 e5 7. d5 Nbd7 8. Be3 Nh5 9. Nh2 Qe7 10. g3 a5 11. Be2 Ndf6 12. Nf3 c6 13. Nd2 Re8 14. c5 cxd5 15. exd5 dxc5 16. Nc4 Nd7 17. Nb5 b6 18. Nc7 Bb7 19. Bxh5 gxh5 20. Qb3 Rec8 21. Nxa8 Bxd5 22. O-O-O Bxh1 23. Rxd7 Qxd7 24. Naxb6 Qc7 25. Nxc8 Qxc8 26. Nd6 Qc7 27. Ne8 Qc8 28. Nxg7 Kxg7 29. Qb6 f6 30. Qxc5 Qxh3 31. Qxa5 Qf1+ 32. Kd2 Bf3 33. Qc7+ Kg6 34. Qc2+ Kg7 35. b3 Qa1 36. a4 Bd5 37. f4 h4 38. fxe5 Qxe5 39. gxh4 Qh2+ 40. Kc1 Qxh4 41. Kb2 Qg3 42. Qd2 Qe5+ 43. Bd4 Qe6 44. b4 h5 45. Qg5+ Kf7 46. Qxh5+ Ke7 47. Qh7+ Ke8 48. b5 Bb3 49. Qa7 Qc4 50. Bxf6 Qe6 51. b6 Ba2 52. Qe7+ Qxe7 53. Bxe7 Bd5 54. Bg5 Kd7 55. Kc3 Kc6 56. Be3 Kb7 57. Kb4 Bg2 1/2-1/2

[Event "Marcel Duchamp Cup"]
[Site "Montevideo URU"]
[Date "2024.02.04"]
[Round "4.16"]
[White "Kulik, Nicolas"]
[Black "Piasetski, Leon"]
[Result "0-1"]
[WhiteElo "1862"]
[BlackElo "2151"]
[PlyCount "108"]
[GameId "2130307547986228"]
[EventDate "2024.02.01"]
[EventType "swiss"]
[EventRounds "9"]
[EventCountry "URU"]
[SourceTitle "10 Days #749"]
[Source "ChessMix"]
[SourceDate "2024.02.10"]
[SourceVersion "1"]
[SourceVersionDate "2024.02.10"]
[SourceQuality "1"]

1. e4 c5 2. Nf3 e6 3. d4 cxd4 4. Nxd4 a6 5. Nc3 b5 6. Bd3 Qb6 7. Nb3 Qc7 8. O-O Bb7 9. f4 Nf6 10. Re1 h5 11. Qf3 d6 12. Bd2 Nbd7 13. Re2 Nc5 14. f5 e5 15. Bg5 b4 16. Nd5 Nxd5 17. exd5 Nxd3 18. cxd3 Qb6+ 19. d4 f6 20. Be3 Qb5 21. dxe5 dxe5 22. Rd2 Rd8 23. Rad1 Bd6 24. g4 hxg4 25. Qxg4 Rd7 26. Qe4 O-O 27. Rg2 Rc8 28. Rg6 Bf8 29. Qg4 Rxd5 30. Rf1 Rc4 31. Qh5 Rd7 32. Nd2 Rc2 33. Rf2 Bc5 34. Rg3 Qc6 35. Qe8+ Bf8 36. Qe6+ Qxe6 37. fxe6 Re7 38. Rxf6 Bd5 39. Nf3 Rxe6 40. Rxe6 Bxe6 41. a3 Re2 42. Bc1 Bc5+ 43. Kf1 Bc4 44. b3 Rc2+ 45. bxc4 Rxc1+ 46. Ke2 bxa3 47. Nd2 a2 48. Nb3 Rb1 49. Rd3 Rxb3 50. Rd8+ Kh7 51. h4 a1=Q 52. h5 Rb2+ 53. Kd3 Qd1+ 54. Kc3 Rb3# 0-1

[Event "Marcel Duchamp Cup"]
[Site "Montevideo URU"]
[Date "2024.02.05"]
[Round "5.13"]
[White "Piasetski, Leon"]
[Black "De Los Reyes, Mauro"]
[Result "1-0"]
[WhiteElo "2151"]
[BlackElo "1720"]
[PlyCount "53"]
[GameId "2130307547990378"]
[EventDate "2024.02.01"]
[EventType "swiss"]
[EventRounds "9"]
[EventCountry "URU"]
[SourceTitle "10 Days #749"]
[Source "ChessMix"]
[SourceDate "2024.02.10"]
[SourceVersion "1"]
[SourceVersionDate "2024.02.10"]
[SourceQuality "1"]

1. Nf3 Nf6 2. c4 e6 3. g3 d5 4. Bg2 c6 5. b3 Nbd7 6. Bb2 Bd6 7. d4 Bb4+ 8. Nbd2 Ne4 9. a3 Bxd2+ 10. Nxd2 Nxd2 11. Qxd2 O-O 12. O-O Nf6 13. Rad1 b6 14. f3 Bb7 15. e4 dxe4 16. fxe4 Nd7 17. e5 Qe7 18. Be4 Rfd8 19. Qg2 Rac8 20. Rd2 Nb8 21. Rdf2 Rf8 22. Rf4 Rc7 23. Bxh7+ Kxh7 24. Qh3+ Kg8 25. Rh4 f6 26. Rh8+ Kf7 27. Qh5+ 1-0